000 00443nam a2200193Ia 4500
008 101110s9999 xx 000 0 und d
041 _aENGLISH
082 _bSR7987
_a657
100 _aPatkar M.G.
245 _aAdvanced Acocountancy
365 _b18
520 _aCommerce
546 _aENGLISH
630 _aAdvanced Acocountancy
650 _aCommerce
655 _aCommerce
730 _aAdvanced Acocountancy
942 _cBOOK
999 _c803534
_d803531